駅名に「大学」が含まれる日本の鉄道駅 - Statistics

General Stats
  • This quiz has been taken 151 times
  • The average score is 16 of 33
Answer Stats
路線名 Answer % Correct
東急東横線 都立大学
80%
東急東横線 学芸大学
76%
学園都市線 北海道医療大学
68%
山陰本線 鳥取大学前
68%
越後線 新潟大学前
67%
松浦鉄道西九州線 大学
66%
多摩都市モノレール 中央大学・明星大学
65%
小田急小田原線 東海大学前
61%
東急田園都市線 駒沢大学
61%
富士急行線 都留文科大学前
61%
地下鉄名城線 名古屋大学
57%
上田電鉄別所線 大学前
56%
近江鉄道本線 大学前
56%
京急本線 県立大学
55%
東武伊勢崎線 獨協大学前
52%
富山地方鉄道市内線 富山大学前
51%
南海本線 和歌山大学前
49%
長崎電気軌道本線 長崎大学
48%
豊肥本線 大分大学前
47%
久大本線 久留米大学前
45%
多摩都市モノレール 大塚・帝京大学
42%
山陰本線 鍼灸大学前
41%
日豊本線 別府大学
39%
嵐電北野線 等持院・立命館大学衣笠キャンパス前
37%
宇都宮ライトレール 宇都宮大学陽東キャンパス
32%
豊橋鉄道渥美線 愛知大学前
30%
鹿児島本線 崇城大学前
28%
筑肥線 九大学研都市
27%
アルピコ交通上高地線 北新・松本大学前
20%
上信電鉄上信線 高崎商科大学前
19%
天竜浜名湖線 常葉大学前
19%
叡山本線 茶山・京都芸術大学
18%
長崎電気軌道本線 大学病院
12%
No matching quizzes found
Score Distribution
Percent of People with Each Score
Percentile by Number Answered
Your Score History
You have not taken this quiz